Who's afraid of the big bad dragon? (Record no. 18051)

MARC details
000 -LEADER
fixed length control field 00612nam a22001817a 4500
008 - FIXED-LENGTH DATA ELEMENTS--GENERAL INFORMATION
fixed length control field 191123b xxu||||| |||| 00| 0 eng d
020 ## - INTERNATIONAL STANDARD BOOK NUMBER
International Standard Book Number 1118487136
040 ## - CATALOGING SOURCE
Original cataloging agency KABU
Transcribing agency KABU
050 ## - LIBRARY OF CONGRESS CALL NUMBER
Classification number LC94
Item number .Z43 2014 c. 1
100 ## - MAIN ENTRY--PERSONAL NAME
Personal name Zhao, Yong
245 ## - TITLE STATEMENT
Title Who's afraid of the big bad dragon?
Remainder of title why China has the best ( an worst) education system in the world
Statement of responsibility, etc. Yong Zhao
260 ## - PUBLICATION, DISTRIBUTION, ETC. (IMPRINT)
Place of publication, distribution, etc. San francisco, CA
Name of publisher, distributor, etc. Jossey - Boss
Date of publication, distribution, etc. 2014
300 ## - PHYSICAL DESCRIPTION
Extent xiv, 254 p.
650 ## - SUBJECT ADDED ENTRY--TOPICAL TERM
Topical term or geographic name as entry element Education and state
Geographic subdivision China
650 ## - SUBJECT ADDED ENTRY--TOPICAL TERM
Topical term or geographic name as entry element Educational anthropology
Geographic subdivision China
650 ## - SUBJECT ADDED ENTRY--TOPICAL TERM
Topical term or geographic name as entry element Educational Sociology
Geographic subdivision China
942 ## - ADDED ENTRY ELEMENTS (KOHA)
Source of classification or shelving scheme Library of Congress Classification
Koha item type General Collection
Classification part LC94
Holdings
Withdrawn status Lost status Source of classification or shelving scheme Not for loan Home library Current library Date acquired Cost, normal purchase price Total Checkouts Full call number Barcode Date last seen Copy number Price effective from Koha item type
    Library of Congress Classification   Kabarak, Main Campus Kabarak, Main Campus 23/11/2019 2650.00   LC94 .Z43 2014 c. 1 022239 23/11/2019 c. 1 23/11/2019 General Collection
Designed with assistance from East African Informatics Ltd